000 00553nam a2200229Ia 4500
003 OSt
005 20220918230701.0
006 a|||||r|||| 00| 0
007 ta
008 220917b |||||||| |||| 00| 0 eng d
024 _a257,011
037 _cTextual
040 _aARTS
_cARTS
_beng
041 _2eng
_aeng
082 _aR39N, N6
100 _aEagleton Teny
_9153024
245 0 _aIllusions of postmodernism
260 _c1996
650 _aPHILOSOPHY
942 _hR39N, N6
_cTEXL
_2CC
999 _c288630
_d288630